| 000 | 01253nam a2200181Ia 4500 | ||
|---|---|---|---|
| 008 | 130821s1970 xxu gr eng | ||
| 040 |
_aCo-BoUCM _bspa |
||
| 041 | _aeng | ||
| 100 | 1 | _aAdams, Wallace | |
| 245 | 1 | 4 |
_aThe Western World _ceditado por Wallace E. Adams...[et. al]. |
| 260 |
_aNueva York (Estados Unidos) _bToronto Dodd. Mead Company _c1970 |
||
| 300 | _a2 volúmenes | ||
| 505 |
_aContenido _bv.1 _bchapter one _bthe ancient near east. -- chapter two: Greece. -- Chapter three: The Roman Era. -- Chapter four: the early Middle ages. -- Chapter five: the seven. The reformation. -- Chapter eight: The state in the age of absolutism. -- v.2: Chapter 1: the Scientific revolution and eighteenth century enlightenment. -- Chapter two: An era of revolution. -- Chapter three: Reaction and revolution, 1815-1848. -- Chapter four: The early impact of industrialism. -- Chapter five: The political reorientation of Europe. -- Chapter six: the apogee of Europe. -- Chapter seven: The first world war. -- Chapter eight: Between the wars. -- Chapter nine: the second world war and after |
||
| 650 | 0 | 4 |
_aHistoria de Europa _926509 |
| 651 | 4 |
_aEuropa _xHistoria _926622 |
|
| 942 |
_cLIBRO _a21 _e1 _mA31 _2DEWEY _h940 |
||
| 999 |
_c16111 _d16111 |
||